Business Research Methods. (Record no. 1765)

MARC details
005 - DATE AND TIME OF LATEST TRANSACTION
control field 20250429104452.0
020 ## - INTERNATIONAL STANDARD BOOK NUMBER
International Standard Book Number 0-0771-5748-6
082 ## - DEWEY DECIMAL CLASSIFICATION NUMBER
Classification number 658.007 BLU
100 ## - MAIN ENTRY--PERSONAL NAME
Author name BLUMBERG, B. F.
245 ## - TITLE STATEMENT
Title Business Research Methods.
250 ## - EDITION STATEMENT
Edition statement 4th Ed.
260 ## - PUBLICATION, DISTRIBUTION, ETC.
Place of publication, distribution, etc. New York,
Name of publisher, distributor, etc. McGraw Hill,
Date of publication, distribution, etc. 2014.
300 ## - PHYSICAL DESCRIPTION
Extent xix, 619p.: ill.;
Other physical details Glossary & Index
Dimensions 27cm
856 ## - ELECTRONIC LOCATION AND ACCESS
Link text Access Online Book
Electronic name Business Research
Path www.mcgraw-hill.co.uk
942 ## - ADDED ENTRY ELEMENTS (KOHA)
Source of classification or shelving scheme Dewey Decimal Classification
Koha item type Books
Holdings
Date last seen Total checkouts Full call number Barcode Cost, replacement price Price effective from Koha item type Lost status Source of classification or shelving scheme Damaged status Not for loan Withdrawn status Home library Current library Shelving location Date acquired Cost, normal purchase price
04/29/2025   658.007 BLU 0000006824 200814.00 04/29/2025 Books   Dewey Decimal Classification       College of Business Education Main Library College of Business Education Main Library General Collection 07/08/2016 66938.00
04/29/2025   658.007 BLU 0000006825 200814.00 04/29/2025 Books   Dewey Decimal Classification       College of Business Education Main Library College of Business Education Main Library General Collection 07/08/2016 66938.00
04/29/2025   658.007 BLU 0000006826 200814.00 04/29/2025 Books   Dewey Decimal Classification       College of Business Education Main Library College of Business Education Main Library General Collection 07/08/2016 66938.00